[Event "Thessaloniki White Tower op-C 41th"]
[Site "Thessaloniki"]
[Date "2019.01.05"]
[Round "3.7"]
[White "Papavasileiou, Alexandros"]
[Black "Halatziouka, Eleni"]
[Result "0-1"]
[WhiteElo "1026"]
[BlackElo "1335"]
[PlyCount "56"]
[EventDate "2019.01.02"]
[EventType "swiss"]
[EventRounds "6"]
[EventCountry "GRE"]
[SourceTitle "EXT 2024"]
[Source "ChessBase"]
[SourceDate "2023.10.10"]
[SourceVersion "1"]
[SourceVersionDate "2023.10.10"]
[SourceQuality "1"]

1. d4 Nf6 2. c4 e6 3. Nc3 Bb4 4. Bg5 c5 5. a3 Bxc3+ 6. bxc3 b6 7. e3 Nc6 8. Qf3 Ba6 9. Bxf6 Qxf6 10. Qxf6 gxf6 11. Nf3 Na5 12. Nd2 Ke7 13. Bd3 d6 14. Rb1 Rac8 15. Ke2 cxd4 16. cxd4 Bxc4 17. Nxc4 Nxc4 18. Bxc4 Rxc4 19. Rhc1 Rhc8 20. Rxc4 Rxc4 21. Kd3 Rc7 22. Rb4 d5 23. Rb1 f5 24. h4 h5 25. Rh1 f6 26. Rh3 Rc1 27. Rg3 Kf7 28. f4 Ra1 0-1